<?xml version="1.0" encoding="UTF-8"?>
<record
    xmlns:xsi="http://www.w3.org/2001/XMLSchema-instance"
    xsi:schemaLocation="http://www.loc.gov/MARC21/slim http://www.loc.gov/standards/marcxml/schema/MARC21slim.xsd"
    xmlns="http://www.loc.gov/MARC21/slim">

  <leader>00742nam a2200253 a 4500</leader>
  <controlfield tag="001">70987</controlfield>
  <controlfield tag="003">BD-RjUL</controlfield>
  <controlfield tag="005">20220426143545.0</controlfield>
  <controlfield tag="008">170423s1957    caua     b    001 0 eng d</controlfield>
  <datafield tag="035" ind1=" " ind2=" ">
    <subfield code="a">(BD-RjUL)70987</subfield>
  </datafield>
  <datafield tag="040" ind1=" " ind2=" ">
    <subfield code="a">CU</subfield>
    <subfield code="c">CU</subfield>
    <subfield code="d">BD-RjUL</subfield>
    <subfield code="b">eng</subfield>
  </datafield>
  <datafield tag="041" ind1=" " ind2=" ">
    <subfield code="a">eng</subfield>
  </datafield>
  <datafield tag="082" ind1=" " ind2=" ">
    <subfield code="2">23</subfield>
    <subfield code="a">534</subfield>
    <subfield code="b">HUA 1957</subfield>
  </datafield>
  <datafield tag="100" ind1=" " ind2=" ">
    <subfield code="a">Hunter, Joseph L.</subfield>
    <subfield code="9">210046</subfield>
  </datafield>
  <datafield tag="245" ind1="0" ind2="0">
    <subfield code="a">Acoustics /</subfield>
    <subfield code="c">Joseph L.Hunter</subfield>
  </datafield>
  <datafield tag="260" ind1=" " ind2=" ">
    <subfield code="a">Prentice-Hall :</subfield>
    <subfield code="b">Englewood Clifs,</subfield>
    <subfield code="c">1957.</subfield>
  </datafield>
  <datafield tag="300" ind1=" " ind2=" ">
    <subfield code="a">xv, 407 p. :</subfield>
    <subfield code="b">ill. ;</subfield>
    <subfield code="c">29 cm.</subfield>
  </datafield>
  <datafield tag="504" ind1=" " ind2=" ">
    <subfield code="a">Includes bibliographical references (p. 324) and index.</subfield>
  </datafield>
  <datafield tag="650" ind1=" " ind2="0">
    <subfield code="a">Acoustics</subfield>
    <subfield code="9">210047</subfield>
  </datafield>
  <datafield tag="650" ind1=" " ind2="0">
    <subfield code="a">Acoustical engineering.</subfield>
    <subfield code="9">210048</subfield>
  </datafield>
  <datafield tag="650" ind1=" " ind2="0">
    <subfield code="a">Noise control.</subfield>
    <subfield code="9">159498</subfield>
  </datafield>
  <datafield tag="650" ind1=" " ind2="0">
    <subfield code="a">Soundproofing.</subfield>
    <subfield code="9">210049</subfield>
  </datafield>
  <datafield tag="942" ind1=" " ind2=" ">
    <subfield code="2">ddc</subfield>
    <subfield code="c">BK</subfield>
  </datafield>
  <datafield tag="999" ind1=" " ind2=" ">
    <subfield code="c">70987</subfield>
    <subfield code="d">70987</subfield>
  </datafield>
  <datafield tag="952" ind1=" " ind2=" ">
    <subfield code="0">0</subfield>
    <subfield code="1">0</subfield>
    <subfield code="2">ddc</subfield>
    <subfield code="4">0</subfield>
    <subfield code="7">1</subfield>
    <subfield code="8">NFIC</subfield>
    <subfield code="a">RUCL</subfield>
    <subfield code="b">RUCL</subfield>
    <subfield code="c">Reading</subfield>
    <subfield code="d">1962-01-27</subfield>
    <subfield code="e">N/A</subfield>
    <subfield code="l">0</subfield>
    <subfield code="o">534 HUA 1957</subfield>
    <subfield code="r">2017-04-23 00:00:00</subfield>
    <subfield code="t">C-1</subfield>
    <subfield code="w">2017-04-23</subfield>
    <subfield code="y">BK</subfield>
  </datafield>
  <datafield tag="952" ind1=" " ind2=" ">
    <subfield code="0">0</subfield>
    <subfield code="1">0</subfield>
    <subfield code="2">ddc</subfield>
    <subfield code="4">0</subfield>
    <subfield code="7">0</subfield>
    <subfield code="8">NFIC</subfield>
    <subfield code="a">RUCL</subfield>
    <subfield code="b">RUCL</subfield>
    <subfield code="c">Stack</subfield>
    <subfield code="d">1962-01-27</subfield>
    <subfield code="e">N/A</subfield>
    <subfield code="l">0</subfield>
    <subfield code="o">534 HUA 1957</subfield>
    <subfield code="r">2017-05-13 00:00:00</subfield>
    <subfield code="t">C-2</subfield>
    <subfield code="w">2017-05-13</subfield>
    <subfield code="y">BK</subfield>
  </datafield>
  <datafield tag="952" ind1=" " ind2=" ">
    <subfield code="0">0</subfield>
    <subfield code="1">0</subfield>
    <subfield code="2">ddc</subfield>
    <subfield code="4">0</subfield>
    <subfield code="7">0</subfield>
    <subfield code="8">NFIC</subfield>
    <subfield code="a">RUCL</subfield>
    <subfield code="b">RUCL</subfield>
    <subfield code="c">GEN</subfield>
    <subfield code="d">1982-09-11</subfield>
    <subfield code="e">Photocopy</subfield>
    <subfield code="l">0</subfield>
    <subfield code="o">534 HUA 1957</subfield>
    <subfield code="r">2022-04-26 00:00:00</subfield>
    <subfield code="t">C-3</subfield>
    <subfield code="w">2022-04-26</subfield>
    <subfield code="y">BK</subfield>
  </datafield>
</record>
